000 00562nam a2200205Ia 4500
003 OSt
005 20230427092132.0
008 210423s2012 xx 000 0 und d
020 _a9780749466138
040 _cAL
041 _aeng
082 _a651.7 TALI
_223
100 _aTALBOT (Fiona);BHATTACHARJEE (Sudakshina).
_993669
245 _aImprove your global business english.
260 _aNew Delhi
_bKogan Page Ltd
_c2012
300 _axii,238
_bPB
365 _b295
_cINR
906 _abusiness ; english. ; global ; Improve ; your
942 _2ddc
_cBK
999 _c161733
_d161733